000 00711nam a2200181Ia 4500
008 090123s9999 xx 000 0 und d
082 _b38896
100 _aऔरंगाबादकर अनुराधा
245 _aलोणच्याचे विविध 205प्रकार
250 _a1
260 _bनवचैतन्य प्रकाशन
_c2005
300 _a112
600 _aऔरंगाबादकर अनुराधा
630 _aलोणच्याचे विविध 205प्रकार
700 _aऔरंगाबादकर अनुराधा
730 _aलोणच्याचे विविध 205प्रकार
942 _cBOOK
999 _c76965
_d76965